Production Handbook

Guardado en:
Detalles Bibliográficos
Autor principal: White, John A.
Formato: Libro
Lenguaje:inglés
Publicado: New York Wiley 1987
Edición:4. ed.
Etiquetas: Agregar Etiqueta
Sin Etiquetas, Sea el primero en etiquetar este registro!

MARC

LEADER 00000nam a2200000 4500
001 c028667
005 20221206140310.5
041 0 |a eng 
044 |a US 
245 1 0 |a Production Handbook  |c John A. White 
250 |a 4. ed. 
264 1 |a New York  |b Wiley  |c 1987 
300 |a Prer. s. 
100 1 |a White, John A.